Espreita a IA - Inteligência Artificial (Record no. 2036)

MARC details
000 -Etiqueta do registo
Valores 00826nam a2200277 4500
010 ## - Número ISBN
ISBN 9789720722256
021 ## - Número do Depósito Legal
Código do país Portugal
Número 539262/24
100 ## - Dados gerais de processamento
Dados gerais 20260130d2025 c||y0pory50030103ba
101 ## - Língua de publicação
Língua Português
102 ## - País de publicação
País Portugal
200 ## - Titulo e menção de responsabilidade
Título próprio Espreita a IA - Inteligência Artificial
Primeira menção de responsabilidade texto Alex Frith, Victoria M. Williams
Outras menções de responsabilidade il. Beatrix Hatcher
-- adapt. Sérgio Gonçalves
205 ## - Menção da edição
Edição 1ª edição
210 ## - Publicação
Local de publicação Porto
Nome do editor Porto Editora
Data de publicação 2025
215 ## - Descrição física 
Paginação / Volumes 14, [1] p.
Outras indicações físicas il.
Dimensões 29 cm
225 ## - Colecção 
Título próprio da colecção Espreita
300 ## - Notas gerais 
Texto da nota BMB-Registado
606 ## - Nome comum usado como assunto
ID Autoridade 863
Palavra de ordem Literatura Infantil
675 ## - CDU
Notação 087.5
Edição BMB
Língua por
700 ## - Autor principal (pessoa individual)
Apelido Frith
Nome Alex
ID Autoridade 2916
701 ## - Co-autor principal (pessoa individual)
Apelido Williams
Nome Victoria M.
Função Co-autor
ID Autoridade 2917
701 ## - Co-autor principal (pessoa individual)
Apelido Hatcher
Nome Beatrix
Função Ilustrador
ID Autoridade 2918
702 ## - Autor secundário (pessoa individual)
ID Autoridade 2919
Apelido Gonçalves
Nome Sérgio
Função Adaptador
801 ## - Fonte de origem
País PT
Agência BMB
Regras de catalogação RPC
990 ## - Elementos KOHA
Tipo de documento Livro
Holdings
Situação do levantamento Estado Número Biblioteca de origem Código de barras Cota Permissão de empréstimo Tipo de documento Forma de aquisição
    1 Biblioteca Municipal de Borba 1986 087.5 FRI / ESP   Livro Compra
Biblioteca Municipal de Borba

Powered by Koha